000 00710nam a2200217Ii 4500
003 JO-AjNU
008 230605s9999||||xx |||||||||||||| ||und||
017 _a2004/9/2252
040 _aJO-AjNU
_bara
_erda
_cJO-AjNU
041 _aara
050 1 4 _aDS154.A2298 2004
100 3 _aالعنابي، زهر,
_eauthor
_939569
245 0 0 _aالأصول وقائع وأحداث: قراءة في الأصول وحسب الأصول، الجزء الثاني
250 _aط1
264 3 1 _aد.م: د.ن، 2004
300 _aج2، 185ص
336 _atext
_btxt
_2rdacontent
337 _aunmediated
_bn
_2rdamedia
338 _avolume
_bnc
_2rdacarrier
650 4 _aتاريخ الاردن- الاردن
_939570
999 _aA16722
_c20290
_d20290